Vista normal
Vista MARC
Entrada Materia (personas)
Número de registros utilizados en: 2
001 - CONTROL NUMBER
- control field: 98419
003 - CONTROL NUMBER IDENTIFIER
- control field: Co-BoUCM
005 - DATE AND TIME OF LATEST TRANSACTION
- control field: 20190912095807.0
008 - FIXED-LENGTH DATA ELEMENTS
- fixed length control field: 190912|| aca||aabn | a|a d
040 ## - CATALOGING SOURCE
- Original cataloging agency: Co-BoUCM
- Transcribing agency: Co-BoUCM
100 ## - HEADING--PERSONAL NAME
- Personal name: Mozley, J. H.
- Titles and other words associated with a name: John Henry
670 ## - SOURCE DATA FOUND
- Source citation: Work cat.: (Co-BoUCM): Valerio Flaco, Cayo ca 92 ou 93 d.C 98418, Valerius Flaccus. Argonautica, 1934